Pracovníci socialistického státního aparátu

Gespeichert in:
Bibliographische Detailangaben
1. Verfasser: Horčicová, Alena
Format: Buch
Sprache:Tschechisch
Veröffentlicht: Praha Ústav státní správy 1988
Ausgabe:1. vyd.
Schriftenreihe:Studie a informace
Tags: Tag hinzufügen
Keine Tags, Fügen Sie das erste Tag hinzu!

MARC

LEADER 00000nam a2200000 4500
001 c036277
005 20250219085150.9
041 0 |a cze 
044 |a CZ 
245 1 0 |a Pracovníci socialistického státního aparátu  |c Alena Horčicová 
250 |a 1. vyd. 
264 1 |a Praha  |b Ústav státní správy  |c 1988 
300 |a 106 s. 
490 1 |a Studie a informace 
830 0 |a Studie a informace 
100 1 |a Horčicová, Alena